000 00596nam a2200181Ia 4500
008 131103s9999 xx 000 0 und d
040 _aLoreto College
041 _aEnglish
082 _aTAG/891.44/TAG-MUK
_bLCLIB/28002
100 _aMukherjee, Kedar Nath
245 _aPolitical philosophy of Rabindranath Tagore
_cKedar Nath Mukherjee
260 _aNew Delhi
_bS. Chand
_c1982
300 _a395p
_c 22cm
504 _aIncludes bibliographical references and index
650 _aTagore, Rabindranath, 1861-1941- Criticism and Interpretation
651 _aBengali Literature
942 _cBK
999 _c16997
_d67476